La transferencia del currículum y la reunión técnica de capacitación

Сохранить в:
Библиографические подробности
Корпоративные авторы: Fundación Integra (Автор), Dirección de Estudios y Programas (Автор)
Формат:
Язык:испанский
Опубликовано: Santiago Fundación Integra 2004
Серии:Cuadernos Pedagógicos, 9
Предметы:
Метки: Добавить метку
Нет меток, Требуется 1-ая метка записи!

MARC

LEADER 00000cam a2200000 a 4500
001 UCK7773
003 CL-VaPUC
008 051209e20040000CL |||||||||||||||||spa|d
082 0 4 |a 372.21  |b FUN  |2 21 
110 2 |a Fundación Integra  |e author  |9 497386 
710 2 |a Dirección de Estudios y Programas  |e author  |9 497387 
245 1 3 |a La transferencia del currículum y la reunión técnica de capacitación 
246 1 3 |a La reforma curricular en sala 
300 |a 39 p 
942 |c BK 
945 |d 20051209 00:00:00  |a jtorresc 
260 |a Santiago  |b Fundación Integra  |c 2004 
500 |a Material de apoyo para el desarrollo de reuniones técnicas 
650 0 |a Educación preescolar  |9 260381 
650 0 |a Jardines infantiles  |9 307427 
650 0 |a Capacitación docente  |9 312871 
650 0 |a Planificación del currículo  |9 269599 
650 0 |a Evaluación de la educación   |9 237505 
583 |a last modification  |c 20121226 01:52:39  |k Rodrigo Vera 
490 0 |a Cuadernos Pedagógicos, 9 
999 |c 315620  |d 315618 
952 |0 0  |1 0  |4 0  |6 372_210000000000000_FUN_2004  |7 0  |8 A  |9 389115  |a BIBEDU  |b BIBEDU  |c ES_NOD  |d 2019-11-22  |i 4191544  |o 372.21 FUN 2004  |p 4191544  |r 2023-08-09  |w 2019-11-22  |y BK  |k PAR 
952 |0 0  |1 0  |4 0  |6 372_210000000000000_FUN_2004  |7 0  |8 A  |9 389116  |a BIBEDU  |b BIBEDU  |c ES_NOD  |d 2019-11-22  |i 4938348  |o 372.21 FUN 2004  |p 4938348  |r 2023-08-09  |w 2019-11-22  |y BK  |k EPE 
952 |0 0  |1 0  |4 0  |6 372_210000000000000_FUN_2004  |7 0  |8 A  |9 389117  |a BIBEDU  |b BIBEDU  |c ES_NOD  |d 2019-11-22  |i 4938356  |o 372.21 FUN 2004  |p 4938356  |r 2023-08-09  |w 2019-11-22  |y BK  |k EPE 
952 |0 0  |1 0  |4 0  |6 372_210000000000000_FUN_2004  |7 0  |8 A  |9 389118  |a BIBEDU  |b BIBEDU  |d 2019-11-22  |i 4938364  |o 372.21 FUN 2004  |p 4938364  |r 2019-11-22  |w 2019-11-22  |y BK  |k EPE 
952 |0 0  |1 0  |4 0  |6 372_210000000000000_FUN_2004  |7 0  |8 A  |9 389119  |a BIBEDU  |b BIBEDU  |c ES_NOD  |d 2019-11-22  |i 4938372  |o 372.21 FUN 2004  |p 4938372  |r 2023-08-09  |w 2019-11-22  |y BK  |k EPE 
952 |0 0  |1 0  |4 0  |6 372_210000000000000_FUN_2004  |7 0  |8 A  |9 389120  |a BIBEDU  |b BIBEDU  |d 2019-11-22  |i 4938380  |o 372.21 FUN 2004  |p 4938380  |r 2019-11-22  |w 2019-11-22  |y BK  |k EPE 
952 |0 0  |1 0  |4 0  |6 372_210000000000000_FUN_2004  |7 0  |8 A  |9 389121  |a BIBEDU  |b BIBEDU  |c ES_NOD  |d 2019-11-22  |i 4938399  |o 372.21 FUN 2004  |p 4938399  |r 2023-08-09  |w 2019-11-22  |y BK  |k EPE 
952 |0 0  |1 0  |4 0  |6 372_210000000000000_FUN_2004  |7 0  |8 A  |9 389122  |a BIBEDU  |b BIBEDU  |c ES_NOD  |d 2019-11-22  |i 4938402  |o 372.21 FUN 2004  |p 4938402  |r 2023-08-09  |w 2019-11-22  |y BK  |k EPE